| 000 | 00456nam a22001697a 4500 | ||
|---|---|---|---|
| 003 | NUST | ||
| 005 | 20220905160105.0 | ||
| 008 | 171004b xxu||||| |||| 00| 0 eng d | ||
| 040 | _cNUST | ||
| 082 | _a330 | ||
| 100 |
_aSaleem,Marium _95242 |
||
| 245 | _aModeling traffic violation and their impact on road accidents | ||
| 260 |
_aIslamabad _c2015 |
||
| 300 | _a62p | ||
| 856 | _uhttp://10.250.8.41:8080/xmlui/handle/123456789/6823 | ||
| 942 |
_2ddc _cTHE |
||
| 999 |
_c331577 _d331577 |
||